[Event "Bixby 38th"]
[Site "Bixby"]
[Date "2004.11.06"]
[Round "3"]
[White "Berry, Jim"]
[Black "Fowler, Scott"]
[Result "1-0"]
[WhiteElo "1950"]
[BlackElo "1523"]
[PlyCount "85"]
[EventDate "2004.11.06"]
[EventType "swiss (rapid)"]
[EventRounds "4"]
[EventCountry "USA"]
[EventCategory "1"]
[SourceTitle "EXT 2006"]
[Source "ChessBase"]
[SourceDate "2005.11.24"]
[SourceVersion "1"]
[SourceVersionDate "2005.11.24"]
[SourceQuality "1"]

1. e4 e5 2. Nf3 Nc6 3. Bc4 Bc5 4. c3 Nf6 5. d4 exd4 6. cxd4 Bb4+ 7. Nc3 Nxe4 8. 0-0 Bxc3 9. d5 Ne5 10. bxc3 Nxc4 11. Qd4 f5 12. Qxc4 d6 13. Nd4 0-0 14. Re1 Re8 15. f3 Nc5 16. Ba3 b6 17. Nc6 Qd7 18. Qh4 Qf7 19. Rxe8+ Qxe8 20. Re1 Be6 21. Ne7+ Kf8 22. Bxc5 Qxe7 23. Qxe7+ Kxe7 24. Rxe6+ Kf7 25. Bd4 g6 26. Kf2 Re8 27. Rxe8 Kxe8 28. a4 Kd8 29. Ke3 Kc8 30. Kf4 Kb7 31. Kg5 Ka6 32. Kh6 Ka5 33. Kxh7 Kxa4 34. Kxg6 f4 35. h4 Kb3 36. h5 a5 37. h6 a4 38. h7 Kc4 39. h8Q a3 40. Qa8 Kb3 41. c4 Kxc4 42. Ba1 Kb3 43. Qc6 1-0